Migration and Development/ (Record no. 203820)

MARC details
000 -LEADER
fixed length control field 00401nam a22001337a 4500
003 - CONTROL NUMBER IDENTIFIER
control field dpl
005 - DATE AND TIME OF LATEST TRANSACTION
control field 20240628122520.0
008 - FIXED-LENGTH DATA ELEMENTS--GENERAL INFORMATION
fixed length control field 240628b |||||||| |||| 00| 0 eng d
022 ## - INTERNATIONAL STANDARD SERIAL NUMBER
International Standard Serial Number 2163-2324
245 ## - TITLE STATEMENT
Title Migration and Development/
Statement of responsibility, etc ed by S. Irudaya Rajan
Medium English
260 ## - PUBLICATION, DISTRIBUTION, ETC. (IMPRINT)
Place of publication, distribution, etc New Delhi
Name of publisher, distributor, etc Sage Publications India Pvt. Ltd.
Date of publication, distribution, etc 2023
300 ## - PHYSICAL DESCRIPTION
Extent Vol. 12, Issue 1
Dimensions 24cm
942 ## - ADDED ENTRY ELEMENTS (KOHA)
Source of classification or shelving scheme Dewey Decimal Classification
Item type Periodicals
Edition 2023
Call number suffix MIG
Serial record 1
Holdings
Withdrawn status Lost status Source of classification or shelving scheme Damaged status Not for loan Collection code Home library Current library Shelving location Date acquired Source of acquisition Cost, normal purchase price Total Checkouts Full call number Date last seen Copy number Cost, replacement price Price effective from Koha item type
    Dewey Decimal Classification   Not For Loan Non-fiction Central Library Central Library On Display 28/06/2024 DBAD 262.00   MIG 28/06/2024 1 262.00 28/06/2024 Periodicals

© Delhi Public Library
Hit Counter
free hit counter